• 首页
  • 本馆介绍
  • 公告通知
  • 最新文献
  • 馆藏检索
  • 电子资源
  • 读者导购
  • 参考咨询
  • 我的图书馆
  • 登录
  • 详细信息显示
  • 放入我的书架
  • 预约/预借图书
  • 作者相关作品
  • 分类相关作品
  • 丛书相关作品
  • 出版社相关作品

书目信息

  • 表格格式
  • 工作单格式
  • 卡片格式
题名:
帝国主义理论研究
    
 
作者: 陈其人 著
分册:  
出版信息: 上海   上海人民出版社  1984
页数: 178页
开本: 19cm
丛书名:
单 册:
中图分类: D503
科图分类:
主题词: 国际政治 , 政治,美苏
电子资源:
ISBN:
000 00631nam0 2200241 45
001 0184013651
005 20050627154008.9
010    @dCNY0.52
091    @a4074.555
100    @a19950518d1984 emky0chiy0121 ea
101 0  @achi
102    @aCN@b310000
105    @ay m 000yy
200 10 @a帝国主义理论研究@Adi guo zhu yi li lun yan jiu@f陈其人著@FChen Qi Ren Zhu
210    @a上海@c上海人民出版社@d1984
215    @a178页@d19cm
606 0  @a国际政治
606 0  @a政治,美苏
690    @aD503@v3
701  0 @a陈其人@4著
801  0 @aCN@b上海图书馆@c20040421
801  2 @aCN@bNLC@c20040421
905    @dD503@e22@f1@b136306
    
    帝国主义理论研究/陈其人著.-上海:上海人民出版社,1984
    178页;19cm
    
    
    ISBN :CNY0.52
    
●
相关链接 在E读中查询图书 在五车中查询图书 在当当中查询图书 在豆瓣中查询图书


正题名:帝国主义理论研究     索取号:D503/22         预约/预借

序号 登录号 条形码 馆藏地/架位号 状态 备注
1 0136300   001771078   密集书库/ [索取号:D503/22] 在馆    
2 0136301   001769063   密集书库/ [索取号:D503/22] 在馆    
3 0136302   001769054   密集书库/ [索取号:D503/22] 在馆    
4 0136303   001769107   密集书库/ [索取号:D503/22] 在馆    
5 0136304   001769143   密集书库/ [索取号:D503/22] 在馆    
6 0136305   000482258   密集书库/ [索取号:D503/22] 在馆    
7 0136306   000482249   第一样本阅览室/ [索取号:D503/22] 在馆    
唐山师范学院图书馆 欢迎您!
大连网信软件有限公司© 版权所有